000 00530pab a2200181 454500
008 180718b2014 xxu||||| |||| 00| 0 eng d
100 _aRutherford, Amanda
245 _aEvaluating impacts of performance funding policies on student outcomes in higher education
260 _c2014
300 _ap.185-288.
362 _aSep
650 _aHigher education
650 _aStudents
700 _aRabovsky, Thomas
773 _aAnnals of the American Academy of Political and Social Science
908 _aN
909 _a105160
999 _c105155
_d105155